Materiales docentes. /

Bibliographic Details
Main Author: GEA
Format: Libro
Language:English
Published: Santiago, Chile GEA s/f
Edition:1a.ed.
Subjects:

MARC

LEADER 00000cam a2200000 a 4500
001 033989
003 UAHC_CL
005 20170803123706.0
008 010822b xx j 000 1 eng
040 |a UAHC_CL  |c UAHC_CL  |d UAHC_CL 
082 0 4 |a GEA 016-894 
100 1 |a GEA 
245 1 0 |a Materiales docentes. /  |c GEA. 
250 |a 1a.ed. 
260 |b GEA  |c s/f  |a Santiago, Chile 
300 |a 27 p. 
650 4 |a INDUSTRIA DE PRODUCTOS FORESTALES 
900 |a GEA 016-894 
942 |c BK 
952 |0 0  |1 0  |4 0  |6 GEA_016894  |7 0  |8 General  |9 64877  |a BC  |b BC  |c General  |d 2017-08-03  |l 0  |o GEA 016-894  |p 1314187  |r 2019-01-08 00:00:00  |t 1  |w 2017-08-03  |y BK 
999 |c 33989  |d 33989